<?xml version="1.0" encoding="UTF-8"?>
<record
    xmlns:xsi="http://www.w3.org/2001/XMLSchema-instance"
    xsi:schemaLocation="http://www.loc.gov/MARC21/slim http://www.loc.gov/standards/marcxml/schema/MARC21slim.xsd"
    xmlns="http://www.loc.gov/MARC21/slim">

  <leader>01640naa a22002537a 4500</leader>
  <controlfield tag="001">7193</controlfield>
  <controlfield tag="003">KOSZ 005</controlfield>
  <controlfield tag="005">20190610114406.0</controlfield>
  <controlfield tag="008">141017b2010    po a|||| |||| 10| 0 pol  </controlfield>
  <datafield tag="040" ind1=" " ind2=" ">
    <subfield code="c">BPP</subfield>
    <subfield code="d">KOSZ 005/EG</subfield>
    <subfield code="d">KOSZ 005/HR</subfield>
  </datafield>
  <datafield tag="041" ind1=" " ind2=" ">
    <subfield code="a">pol</subfield>
    <subfield code="b">eng</subfield>
  </datafield>
  <datafield tag="044" ind1=" " ind2=" ">
    <subfield code="a">pl</subfield>
  </datafield>
  <datafield tag="080" ind1=" " ind2=" ">
    <subfield code="a">621.791/.795</subfield>
  </datafield>
  <datafield tag="100" ind1="1" ind2=" ">
    <subfield code="a">NADOLNY, Krzysztof.</subfield>
    <subfield code="d">2006 - .</subfield>
    <subfield code="b">Politechnika Koszali&#x144;ska - Wydzia&#x142; Mechaniczny,</subfield>
    <subfield code="c">Katedra In&#x17C;ynierii Produkcji</subfield>
  </datafield>
  <datafield tag="245" ind1="1" ind2="0">
    <subfield code="a">Pomiar zarysu osiowego czynnej powierzchni &#x15B;ciernicy z nakrojem sto&#x17C;kowym metod&#x105; pneumatyczn&#x105; /</subfield>
    <subfield code="c">Krzysztof Nadolny.</subfield>
  </datafield>
  <datafield tag="246" ind1="3" ind2="1">
    <subfield code="a">Measurement of axial contour of grinding wheel with conic chamfer using pneumatic method  </subfield>
  </datafield>
  <datafield tag="500" ind1=" " ind2=" ">
    <subfield code="a">Dane z autopsji.</subfield>
  </datafield>
  <datafield tag="520" ind1=" " ind2=" ">
    <subfield code="a">W procesie szlifowania jednoprzej&#x15B;ciowego stosowane s&#x105; &#x15B;ciernice z nakrojem sto&#x17C;kowym, kt&#xF3;ry umo&#x17C;liwia roz&#x142;o&#x17C;enie naddatku obr&#xF3;bkowego na wi&#x119;kszej powierzchni strefy szlifowania zgrubnego. Przedstawiona w artykule metoda pneumatycznego, bezstykowego pomiaru zarysu osiowego czynnej powierzchni &#x15B;ciernicy pozwala na pomiar w warunkach warsztatowych warto&#x15B;ci kata nakroju sto&#x17C;kowego z b&#x142;&#x119;dem pomiaru rz&#x119;du 11% w zakresie x=0:1,5, np. bezpo&#x15B;rednio po jego uko&#x144;czeniu w zabiegu obci&#x105;gania lub jego zmian w czasie wywo&#x142;anych zu&#x17C;yciem.</subfield>
  </datafield>
  <datafield tag="655" ind1=" " ind2="0">
    <subfield code="a">Materia&#x142;y konferencyjne.</subfield>
  </datafield>
  <datafield tag="650" ind1=" " ind2="0">
    <subfield code="a">In&#x17C;ynieria powierzchni</subfield>
  </datafield>
  <datafield tag="650" ind1=" " ind2="0">
    <subfield code="a">&#x15A;ciernica</subfield>
  </datafield>
  <datafield tag="773" ind1="0" ind2=" ">
    <subfield code="i">W :</subfield>
    <subfield code="t">Podstawy i technika obr&#xF3;bki &#x15B;ciernej / pod red. A. Go&#x142;&#x105;bczaka i B. Kruszy&#x144;skiego. -</subfield>
    <subfield code="d">&#x141;&#xF3;d&#x17A; : Politechnika &#x141;&#xF3;dzka, 2010. -</subfield>
    <subfield code="g">s. 145-152</subfield>
    <subfield code="k">Monografia Wydzia&#x142;u Mechanicznego / Politechnika &#x141;&#xF3;dzka</subfield>
  </datafield>
  <datafield tag="942" ind1=" " ind2=" ">
    <subfield code="c">ROZ</subfield>
    <subfield code="2">UKD</subfield>
  </datafield>
  <datafield tag="999" ind1=" " ind2=" ">
    <subfield code="c">7193</subfield>
    <subfield code="d">7193</subfield>
  </datafield>
  <datafield tag="952" ind1=" " ind2=" ">
    <subfield code="0">0</subfield>
    <subfield code="1">0</subfield>
    <subfield code="4">0</subfield>
    <subfield code="7">0</subfield>
    <subfield code="a">BPK</subfield>
    <subfield code="b">BPK</subfield>
    <subfield code="o">104285</subfield>
    <subfield code="y">ROZ</subfield>
  </datafield>
</record>
